01267cam a2200277u 45000010005000000030008000050050017000130080039000300350018000690400033000870410008001200820025001281100070001532450165002232500017003882600037004053000035004425040020004776500034004977000068005317000066005999420012006659990015006779520150006929520147008424197BD-RjUL20211208233842.0131222s1950 ii 000 0 eng a(BD-RjUL)4231 aDLCcCarPdDLCdBD-RjULbeng aeng04220a332.76bBHA 19501 aIndia (Republic)kLaws, statutes, etc. [from old catalog]913850400aBhashyam and Adiga's Negotiable instruments act (Act XXVI of 1881) /cwith introd., full commentaries, English and Indian cases noted up-to-date and appendices. a9th ed. rev. aMadras :bP. Varadachary,c1950. aii, cxxxviii, 616 p. ;c26 cm. aIncludes index. 0aNegotiable instruments9133061 aBhashyam, Krishnamachari,d1882- [from old catalog]eed.9133071 aAdiga, Kakkunge Yegnanarayana, [from old catalog]eed.913308 2ddccBK c4197d4197 00102ddc40718NFICaRUCLbRUCLcReadingd1954-03-28eU. B. D. Rajshahig12.12l0o346.54096 INB 1950r2013-12-22 00:00:00tC-1w2021-12-08yBK 00102ddc40708NFICaRUCLbRUCLcStackd1955-07-07eAllies Book Cor.g22.80l0o346.54096 BHA 1950r2016-11-10 00:00:00tC-2w2021-12-08yBK